000 00720nam a22002057a 4500
008 161012b xxu||||| |||| 00| 0 eng d
020 _a9789710391479
082 _22009
_aDFil 370.733
_bH42
100 _916010
_aAlaras- Heriales, Ma. Christine
245 _aEducational field study:
_bobservation and participation/
_cMa. Christine Alaras- Heriales
260 _aQuezon City:
_bGreat Books Publishing,
_cc2009.
300 _aiv, 63 pages;
_c23 cm.
500 _aIncludes bibliographical references
650 0 _915999
_aStudent teaching.
650 0 _916000
_aTeaching.
650 0 _916001
_aClassroom management.
650 0 _916002
_aLesson planning.
650 0 _916004
_aTeachers
_xTraining.
942 _2ddc
_cDFIL
999 _c5147
_d5147